Le 11 des joueurs sous-cotés - Statistiques

Statistiques générales
  • Ce quiz a été pris 216 fois
  • Le résultat moyen est 7 sur 12
Statistiques - réponses
Poste Club Joueur % Correct
Gardien de but Tottenham Hotspur Hugo Lloris
96%
Défenseur central PSG Marquinhos
81%
Buteur Lazio Rome Ciro Immobile
78%
Attaquant gauche Tottenham Hotspur Heung-min Son
74%
Milieu défensif FC Barcelone Sergio Busquets
73%
Défenseur gauche PSG Juan Bernat
69%
Milieu offensif Manchester United Bruno Fernandes
66%
Défenseur central Manchester City Aymeric Laporte
65%
Défenseur droit Leicester City Ricardo Pereira
47%
Milieu défensif Athlético Madrid Saúl Ñíguez
46%
Entraîneur Atalanta Bergame Gian Piero Gasperini
23%
Attaquant droit Lazio Rome Luis Alberto
13%
Aucun quiz correspondant
Distribution des résultats
% des personnes avec chaque résultat
Percentile par nombre de réponses
Votre historique - résultats
Vous n’avez pas pris ce quiz